00249nam a2200097Ia 4500008004100000100002100041245003000062260003200092300000900124650001800133190216s9999||||xx |||||||||||||| ||und|| aNehru Jawaharlal 0aGlimpses Of World History bAsia Publishing Housec1965 a1029 aWorld History